000 00421nam a2200181Ia 4500
005 20250603145240.0
008 250603s9999 xx 000 0 und d
020 _a978-978-958-442-0
050 _aKP 126 U7/
100 _aUsman, Adamu Kyuka
245 0 _aLaw and Practice of Equity and Trust.
260 _aLagos
260 _bMalthouse
260 _c2017
300 _a214 p
650 _aLagos
942 _cBK
999 _c41308
_d41308